00912cam a2200229 i 450000100100000000500170001000800410002701000130006804000230008105000150010424500660011925000110018526000620019630000210025850001230027965000390040270000290044171000500047091000340052095201110055499900170066500001527020200929164010.0750814s1975 txu 100 0 spa  a75321271 aDO-SdBNPcDLCdDLC00aBT94b.R3403aEl Reino de Dios y America Latina /cC. Rene Padilla, editor. a1. ed. a[El Paso, Tex.] :bCasa Bautista de Publicaciones,c1975. a160 p. ;c22 cm. aPapers presented at the 2d meeting of the Fraternidad Teologica Latinoamericana, held in Lima, Peru, Dec. 11-18, 1972. 0aKingdom of godxCongresses.9345461 aPadilla, C. Rene.9345472 aFraternidad Teologica Latinoamericana.934548 aCatalogación por copia / LC 001052728MOaGRbGRcBDd2010-02-03iLF1l0o p15270-10r2020-06-25w2020-06-25y2ZPréstamo interno c14836d14836